| 000 | 00676nam a2200145Ia 4500 | ||
|---|---|---|---|
| 008 | 100204s9999 xx 000 0 und d | ||
| 082 | _b5991 | ||
| 100 | _a"राष्ट्रीय चरित्रमाला, पुणे" | ||
| 245 | _a"गालिब मीर , जौक जफर ( उर्दू काव्य )" | ||
| 260 |
_b"राष्ट्रीय चरित्रमाला , पुणे" _c1982 |
||
| 300 | _a56 | ||
| 630 | _a"गालिब मीर , जौक जफर ( उर्दू काव्य )" | ||
| 730 | _a"गालिब मीर , जौक जफर ( उर्दू काव्य )" | ||
| 942 | _cBOOK | ||
| 999 |
_c450498 _d450495 |
||